Texas Counties by Population - Statistics

General Stats
  • This quiz has been taken 157 times
  • The average score is 40 of 254
Answer Stats
Population County % Correct
2,028,236 Bexar
98%
2,586,050 Dallas
98%
4,728,030 Harris
98%
2,126,477 Tarrant
93%
1,305,154 Travis
91%
941,647 Denton
89%
1,109,462 Collin
86%
867,947 El Paso
84%
643,026 Williamson
80%
880,356 Hidalgo
75%
648,886 Montgomery
73%
423,029 Cameron
70%
858,527 Fort Bend
70%
379,617 Bell
59%
353,079 Nueces
59%
355,062 Galveston
55%
314,451 Lubbock
55%
379,689 Brazoria
50%
263,115 McLennan
48%
267,945 Webb
48%
255,397 Hays
45%
237,186 Smith
43%
202,678 Ellis
41%
253,704 Jefferson
41%
187,280 Johnson
41%
174,986 Comal
39%
157,768 Kaufman
39%
167,969 Midland
39%
161,091 Ector
36%
143,326 Taylor
36%
130,069 Wichita
36%
237,032 Brazos
34%
116,547 Potter
34%
124,201 Gregg
32%
143,854 Randall
32%
119,411 Tom Green
32%
92,581 Bowie
30%
139,336 Grayson
30%
57 Loving
30%
116,381 Rockwall
30%
177,036 Guadalupe
27%
156,764 Parker
27%
58,402 Anderson
25%
86,506 Angelina
25%
83,667 Henderson
25%
103,394 Hunt
25%
64,668 Nacogdoches
25%
66,049 Starr
25%
90,964 Victoria
25%
53,591 Navarro
23%
47,564 Val Verde
23%
84,742 Orange
20%
61,275 Van Zandt
20%
77,977 Walker
20%
71,714 Wise
20%
102,058 Bastrop
18%
50,954 Burnet
18%
48,865 Chambers
18%
51,097 Cherokee
18%
84,232 Coryell
18%
56,973 Hardin
18%
69,150 Harrison
18%
64,222 Hood
18%
34,128 Howard
18%
38,847 Jim Wells
18%
53,161 Kerr
18%
50,098 Lamar
18%
97,621 Liberty
18%
58,056 Maverick
18%
51,981 Medina
18%
51,899 Polk
18%
69,699 San Patricio
18%
49,939 Atascosa
16%
38,192 Brown
16%
46,791 Caldwell
16%
36,569 Fannin
16%
36,471 Hill
16%
46,788 Kendall
16%
52,743 Rusk
16%
59,781 Waller
16%
51,257 Wilson
16%
30,924 Bee
14%
42,244 Cooke
14%
43,378 Erath
14%
27,297 Gillespie
14%
32,220 Hale
14%
37,211 Hopkins
14%
22,241 Houston
14%
32,975 Jasper
14%
19,873 Jones
14%
258 King
14%
22,252 Lampasas
14%
36,344 Matagorda
14%
31,183 Titus
14%
41,774 Upshur
14%
35,891 Washington
14%
41,721 Wharton
14%
20,316 Willacy
14%
45,875 Wood
14%
24,510 Aransas
11%
30,380 Austin
11%
21,565 Bandera
11%
18,503 Bosque
11%
18,051 Burleson
11%
19,727 Calhoun
11%
28,560 Cass
11%
20,630 Colorado
11%
18,329 Deaf Smith
11%
19,918 DeWitt
11%
24,687 Fayette
11%
19,774 Freestone
11%
18,436 Frio
11%
21,895 Gaines
11%
19,641 Gonzales
11%
21,030 Gray
11%
30,287 Grimes
11%
21,363 Hockley
11%
20,495 Hutchinson
11%
30,635 Kleberg
11%
20,544 Lavaca
11%
22,119 Limestone
11%
21,978 Llano
11%
25,106 Milam
11%
20,409 Montague
11%
21,118 Moore
11%
28,686 Palo Pinto
11%
22,675 Panola
11%
27,878 San Jacinto
11%
23,939 Shelby
11%
20,077 Tyler
11%
24,729 Uvalde
11%
18,440 Andrews
9%
14,115 Callahan
9%
13,775 Comanche
9%
17,864 Eastland
9%
17,313 Falls
9%
15,121 Jackson
9%
14,754 Karnes
9%
340 Kenedy
9%
12,898 Lamb
9%
17,706 Lee
9%
15,959 Leon
9%
13,718 Madison
9%
14,597 Nolan
9%
15,118 Pecos
9%
14,487 Reeves
9%
16,958 Robertson
9%
16,824 Scurry
9%
13,827 Trinity
9%
12,731 Wilbarger
9%
17,977 Young
9%
13,908 Zapata
9%
617 Borden
7%
12,616 Camp
7%
608 McMullen
7%
12,509 Rains
7%
797 Roberts
7%
11,886 Blanco
5%
2,193 Culberson
5%
12,413 Dawson
5%
749 Kent
5%
12,030 Morris
5%
12,241 Newton
5%
724 Terrell
5%
11,754 Terry
5%
8,681 Archer
2%
9,450 Brewster
2%
10,263 Clay
2%
3,321 Coke
2%
7,735 Coleman
2%
8,473 Dimmit
2%
9,756 Duval
2%
1,438 Edwards
2%
1,080 Foard
2%
10,464 Franklin
2%
1,149 Glasscock
2%
8,229 Hamilton
2%
3,287 Hudspeth
2%
1,552 Irion
2%
8,712 Jack
2%
2,931 Lipscomb
2%
11,377 Live Oak
2%
9,645 Marion
2%
7,533 McCulloch
2%
9,070 Mitchell
2%
9,782 Ochiltree
2%
9,813 Parmer
2%
3,253 Reagan
2%
11,555 Red River
2%
9,943 Runnels
2%
10,039 Sabine
2%
7,922 San Augustine
2%
9,469 Somervell
2%
9,173 Stephens
2%
1,381 Sterling
2%
1,217 Stonewall
2%
1,495 Throckmorton
2%
3,265 Upton
2%
11,194 Ward
2%
7,607 Yoakum
2%
9,534 Zavala
2%
1,839 Armstrong
0%
6,835 Bailey
0%
3,477 Baylor
0%
1,403 Briscoe
0%
6,994 Brooks
0%
5,746 Carson
0%
7,374 Castro
0%
6,736 Childress
0%
2,516 Cochran
0%
2,615 Collingsworth
0%
3,341 Concho
0%
1,381 Cottle
0%
4,680 Crane
0%
3,068 Crockett
0%
5,106 Crosby
0%
7,172 Dallam
0%
5,392 Delta
0%
1,740 Dickens
0%
3,268 Donley
0%
3,706 Fisher
0%
5,350 Floyd
0%
5,863 Garza
0%
7,163 Goliad
0%
2,845 Hall
0%
5,159 Hansford
0%
3,552 Hardeman
0%
5,397 Hartley
0%
5,411 Haskell
0%
3,271 Hemphill
0%
1,949 Jeff Davis
0%
4,801 Jim Hogg
0%
4,365 Kimble
0%
3,130 Kinney
0%
3,351 Knox
0%
6,670 La Salle
0%
5,688 Lynn
0%
5,211 Martin
0%
3,943 Mason
0%
1,982 Menard
0%
4,480 Mills
0%
1,067 Motley
0%
1,717 Oldham
0%
6,140 Presidio
0%
2,826 Real
0%
6,756 Refugio
0%
5,827 San Saba
0%
2,429 Schleicher
0%
3,212 Shackelford
0%
2,798 Sherman
0%
3,319 Sutton
0%
7,008 Swisher
0%
4,927 Wheeler
0%
7,415 Winkler
0%
No matching quizzes found
Score Distribution
Percent of People with Each Score
Percentile by Number Answered
Your Score History
You have not taken this quiz